• 首页
  • 本馆介绍
  • 公告通知
  • 最新文献
  • 馆藏检索
  • 电子资源
  • 读者导购
  • 参考咨询
  • 我的图书馆
  • 登录
  • 详细信息显示
  • 放入我的书架
  • 预约/预借图书
  • 作者相关作品
  • 分类相关作品
  • 丛书相关作品
  • 出版社相关作品

书目信息

  • 表格格式
  • 工作单格式
  • 卡片格式
题名:
高分子科学与工程实验
    
 
作者: 徐勇 , 王新龙 编著
分册:  
出版信息: 南京   东南大学出版社  2012.12
页数: 137页
开本: 26cm
丛书名:
单 册:
中图分类: TB324.02
科图分类:
主题词: 高分子材料--材料试验
电子资源:
ISBN: 978-7-5641-3995-7
000 01086nam0 2200253 45
001 1359732421
005 20130529085941.84
010    @a978-7-5641-3995-7@dCNY28.00
100    @a20130513d2012 em y0chiy0121 ea
101 0  @achi
102    @aCN@b320000
105    @aak a 000yy
106    @ar
200 1  @a高分子科学与工程实验@AGao Fen Zi Ke Xue Yu Gong Cheng Shi Yan@f王新龙, 徐勇编著@FWang Xin Long , Xu Yong Bian Zhu
210    @a南京@c东南大学出版社@d2012.12
215    @a137页@c图@d26cm
320    @a有书目 (第137页)
330    @a本书内容涵盖教育部高分子材料与工程专业中高分子基础实验 (包括高分子化学与物理实验) 和高分子材料成型加工实验大纲的内容。实验原理与实验过程叙述简洁, 易实施。同时, 每个实验都附有注解, 包含了与实验有关的原理、安全、应用等多方面大量的信息。本书既有经典的实验, 也有反映本学科发展前沿的新实验, 并且编写了一些综合性、设计性和探索性实验。
606 0  @a高分子材料@x材料试验
690    @aTB324.02@v5
701  0 @a徐勇@AXu Yong@4编著
701  0 @a王新龙@AWang Xin Long@4编著
801    @aCN@bTANGWEI@c20130522
905    @b0833676-79@dTB324.02@e224@f4
    
    高分子科学与工程实验/王新龙, 徐勇编著.-南京:东南大学出版社,2012.12
    137页:图;26cm
    
    
    ISBN 978-7-5641-3995-7:CNY28.00
    本书内容涵盖教育部高分子材料与工程专业中高分子基础实验 (包括高分子化学与物理实验) 和高分子材料成型加工实验大纲的内容。实验原理与实验过程叙述简洁, 易实施。同时, 每个实验都附有注解, 包含了与实验有关的原理、安全、应用等多方面大量的信息。本书既有经典的实验, 也有反映本学科发展前沿的新实验, 并且编写了一些综合性、设计性和探索性实验。
●
相关链接 在E读中查询图书 在五车中查询图书 在当当中查询图书 在豆瓣中查询图书


正题名:高分子科学与工程实验     索取号:TB324.02/224         预约/预借

序号 登录号 条形码 馆藏地/架位号 状态 备注
1 0833676   208336763   第二样本阅览室/ [索取号:TB324.02/224] 在馆    
2 0833677   208336772   第三借阅区/ [索取号:TB324.02/224] 在馆    
3 0833678   208336781   第三借阅区/ [索取号:TB324.02/224] 在馆    
4 0833679   208336790   第三借阅区/ [索取号:TB324.02/224] 在馆    
唐山师范学院图书馆 欢迎您!
大连网信软件有限公司© 版权所有